Využití služeb katastru nemovitostí v bankách
Komplexné prepojenie bankového systému a katastra nehnuteľností prostredníctvom systému CIBIS. Tri základné okruhy služieb. Predstavenie služby: "Hlídací pes" - sledovanie zmien. Webová služba návrhu na vklad.
Saved in:
| Main Author: | |
|---|---|
| Format: | Book Chapter |
| Language: | Czech |
| Subjects: | |
| Tags: |
No Tags, Be the first to tag this record!
|
MARC
| LEADER | 00000naa a2200000 4500 | ||
|---|---|---|---|
| 001 | 0264177 | ||
| 005 | 20221104110642.6 | ||
| 041 | 0 | |a cze | |
| 044 | |a CZ | ||
| 245 | 1 | 0 | |a Využití služeb katastru nemovitostí v bankách |c Libor Konečný |
| 520 | |a Komplexné prepojenie bankového systému a katastra nehnuteľností prostredníctvom systému CIBIS. Tri základné okruhy služieb. Predstavenie služby: "Hlídací pes" - sledovanie zmien. Webová služba návrhu na vklad. | ||
| 610 | 2 | 0 | |a kataster nehnuteľností |
| 610 | 2 | 0 | |a banky |
| 610 | 2 | 0 | |a úver hypotekárny |
| 610 | 2 | 0 | |a technológie informačné |
| 610 | 2 | 0 | |a technológie komunikačné |
| 610 | 2 | 0 | |a technológie nové |
| 100 | 1 | |a Konečný, Libor | |